Video Game Movies - Statistics

General Stats
  • This quiz has been taken 68 times
    66 since last reset
  • The average score is 9 of 20
Answer Stats
Year Hint Answer % Correct
1993 Two Italian plumbers try to stop a dinosaur man from merging two parallel worlds. Super Mario Bros.
100%
2001 Woman who enjoys collecting ancient artifacts from temples must stop the Illuminati from getting a powerful talisman. Lara Croft: Tomb Raider
80%
1995 A Shaolin monk, a movie star, and a military officer must win a fighting tournament to keep Earth from being invaded from another world. Mortal Kombat
71%
1994 Jean Claude van Damme must rescue hostages held by Raul Julia. Street Fighter
66%
2002 A military team and an amnesiac woman must fight through a zombie-infested lab to stop the virus from spreading. Resident Evil
63%
2007 Bald, genetically-engineered assassin is ensnared in a political conspiracy, and becomes pursued by Interpol and the Russian military. Hitman
56%
2010 A rogue prince and mysterious princess safeguard a time-traveling dagger. Prince of Persia: The Sands of Time
54%
2016 A man learns the skills of an assassin using a machine that lets him relive his ancestors' memories. Assassin's Creed
51%
2005 A group of marines battle monsters in a science lab on Mars. Doom
51%
2006 A woman searches a fog-shrouded town for her missing adopted daughter. Silent Hill
46%
2016 A horde of orcs invades a planet using a magic portal, with help from someone in the human kingdom. Warcraft
41%
2006 Numerous scantily-clad fighters, including a ninja princess, a pro wrestler, and a jewel thief, come to a mysterious island for a martial arts tournament, and to play volleyball. DOA: Dead or Alive
37%
1994 A rich crime lord seeks the other half of a talisman, held by two martial artist brothers Double Dragon
37%
2014 Fresh from prison, a street racer who was framed by a wealthy business associate joins a cross country race with revenge in mind. Need for Speed
34%
2005 A half-vampire woman seeks revenge against her vampire father for killing her mother. BloodRayne
32%
2009 Young Jin enters a fighting tournament to seek revenge on the corporation that killed his mother. Tekken
32%
2008 A cold case detective investigating his wife's murder becomes the prime suspect in another murder. Max Payne
22%
2005 A paranormal investigator discovers that demons worshipped by an ancient culture are trying to return to Earth. Alone in the Dark
20%
2003 A group of college students travel to a mysterious island to attend a rave, which is soon taken over by bloodthirsty zombies. House of the Dead
20%
2007 Jason Statham sets out to avenge his murdered son and rescue his wife from monsters controlled by an evil wizard. In the Name of the King
10%
No matching quizzes found
Score Distribution
Percent of People with Each Score
Percentile by Number Answered
Your Score History
You have not taken this quiz since the last reset